Welcome to CU Library Online Public Access Catalogue (OPAC)

Elementary Structures for Architects and Builders (Record no. 8405)

MARC details
000 -LEADER
fixed length control field 00482nam a22001577a 4500
005 - DATE AND TIME OF LATEST TRANSACTION
control field 20251128133412.0
008 - FIXED-LENGTH DATA ELEMENTS--GENERAL INFORMATION
fixed length control field 251128b |||||||| |||| 00| 0 eng d
020 ## - INTERNATIONAL STANDARD BOOK NUMBER
International Standard Book Number 9780133489545
050 ## - LIBRARY OF CONGRESS CALL NUMBER
Classification number TA645
Item number .S479
100 ## - MAIN ENTRY--PERSONAL NAME
Personal name Shaeffer, Ronald E.
245 ## - TITLE STATEMENT
Title Elementary Structures for Architects and Builders
Statement of responsibility, etc. Ronald E. Shaeffer
250 ## - EDITION STATEMENT
Edition statement 3rd ed.
260 ## - PUBLICATION, DISTRIBUTION, ETC.
Place of publication, distribution, etc. Upper Saddle River, New Jersey
Name of publisher, distributor, etc. Prentice Hall
Date of publication, distribution, etc. 1998
300 ## - PHYSICAL DESCRIPTION
Extent x. 449p.
Other physical details ill.
Dimensions 24cm
942 ## - ADDED ENTRY ELEMENTS (KOHA)
Source of classification or shelving scheme Library of Congress Classification
Koha item type Books
Edition 3rd ed.
Suppress in OPAC No
999 ## -
-- 8405
-- 8405
Holdings
Withdrawn status Lost status Source of classification or shelving scheme Damaged status Not for loan Collection Home library Current library Shelving location Date acquired Total checkouts Full call number Barcode Date last seen Copy number Price effective from Koha item type
    Library of Congress Classification     Non-fiction Science Library (Miotso) Science Library (Miotso) General stacks 11/28/2025   TA645 .S479 SHA SLM00006306 11/28/2025 1 11/28/2025 Books
© 2023-2024 Copyright: Central University Libraries. All Rights Reserved | Created by: Mahone Tech Office